| 000 | 01046nam a22003977a 4500 | ||
|---|---|---|---|
| 005 | 20251124120407.0 | ||
| 008 | 250403b2024 |||||||| |||| 00| 0 spa d | ||
| 020 | _a9786287528741 | ||
| 041 | _aESP | ||
| 082 | _a617.643 R696de2 | ||
| 100 | _aRodríguez Yañez, Esequiel | ||
| 245 | _aDe la impresión a la activación en ortodoncia y ortopedia | ||
| 250 | _a2 edición | ||
| 260 | _aColombia | ||
| 260 | _bAmolca | ||
| 260 | _c2024 | ||
| 300 | _a294 páginas | ||
| 490 | _aMecánica Dental | ||
| 650 | _aORTODONCIA | ||
| 650 | _aPALADAR PRIMARIO | ||
| 650 | _aPALADAR MASTICATORIO | ||
| 650 | _aFORMACIÓN DEL PERIODONTO | ||
| 650 | _aCRECIMIENTO CRANEOFACIAL | ||
| 650 | _aOCLUSIÓN | ||
| 650 | _aMATERIALES DE IMPRESIÓN | ||
| 650 | _aYESOS DENTALES | ||
| 650 | _aACRÍLICOS | ||
| 650 | _aSISTEMAS RETENTIVOS | ||
| 650 | _aGANCHOS | ||
| 650 | _aARCOS LABIALES | ||
| 650 | _aRESORTES | ||
| 650 | _aAPARATO DE BIMLER | ||
| 650 | _aAPARATO EXTRAORAL | ||
| 650 | _aPROTECTORES BUCALES | ||
| 942 |
_2ddc _cBK |
||
| 999 |
_c13714 _d13714 |
||